Loading...
| Any History | 9 | 12.22 | 78% | 44% | 0% |
| Current Events | 2 | 15.00 | 100% | 0% | 50% |
| Fine Arts - Classical Music | 5 | 10.00 | 100% | 0% | 0% |
| Fine Arts - Other | 7 | 11.43 | 86% | 29% | 0% |
| Geography | 5 | 12.00 | 100% | 20% | 0% |
| History - American | 7 | 12.86 | 86% | 29% | 14% |
| History - European | 7 | 11.43 | 71% | 29% | 14% |
| History - World | 8 | 13.75 | 100% | 25% | 13% |
| Literature - American | 6 | 11.67 | 83% | 17% | 17% |
| Literature - British | 8 | 12.50 | 100% | 25% | 0% |
| Literature - European | 5 | 12.00 | 100% | 0% | 20% |
| Literature - World | 5 | 8.00 | 80% | 0% | 0% |
| Mythology | 5 | 12.00 | 80% | 20% | 20% |
| Other Academic | 5 | 16.00 | 100% | 60% | 0% |
| Painting & Sculpture | 11 | 14.55 | 100% | 27% | 18% |
| Philosophy | 6 | 11.67 | 67% | 50% | 0% |
| Religion | 6 | 15.00 | 100% | 50% | 0% |
| Science - Biology | 6 | 8.33 | 83% | 0% | 0% |
| Science - Chemistry | 5 | 8.00 | 60% | 20% | 0% |
| Science - Other | 9 | 10.00 | 89% | 11% | 0% |
| Science - Physics | 7 | 8.57 | 86% | 0% | 0% |
| Social Science | 7 | 18.57 | 100% | 86% | 0% |